[Event "SR 5. liga SE-SI 2018/2019"]
[Site "?"]
[Date "2019.01.12"]
[Round "5.1"]
[White "Bochnickova, Simona"]
[Black "Tomasovic, Pavol"]
[Result "1-0"]
[WhiteElo "1471"]
[BlackElo "1266"]
[PlyCount "77"]
[EventDate "2018.??.??"]
[WhiteTeam "CVÄŒ Senica D"]
[BlackTeam "Å K Å tefanov B"]

1. e4 d6 2. d4 Nf6 3. Nc3 g6 4. Nf3 Bg7 5. Be2 O-O 6. O-O c5 7. dxc5 dxc5 8.
Bc4 Nfd7 9. Qe2 Nc6 10. Bf4 Nde5 11. Nxe5 Nxe5 12. Nd5 Nxc4 13. Qxc4 e5 14. Bg3
b6 15. Rad1 Be6 16. Qc3 f6 17. Nf4 Qe7 18. Nxe6 Qxe6 19. Rd5 Rad8 20. Rfd1 Rxd5
21. Rxd5 Kh8 22. Qc4 h5 23. Rxc5 Qxc4 24. Rxc4 Rd8 25. f3 Kh7 26. Kf1 g5 27.
Ke2 Kg6 28. Rc7 a5 29. Rb7 Rd6 30. Bf2 g4 31. Rxb6 Rxb6 32. Bxb6 a4 33. b3 axb3
34. cxb3 Bf8 35. a4 Bb4 36. a5 Kg5 37. a6 h4 38. a7 gxf3+ 39. gxf3 1-0

[Event "SR 5. liga SE-SI 2018/2019"]
[Site "?"]
[Date "2019.01.12"]
[Round "5.1"]
[White "Bena, Pavol"]
[Black "Bazovsky, Max"]
[Result "0-1"]
[WhiteElo "1000"]
[BlackElo "1290"]
[PlyCount "66"]
[EventDate "2018.??.??"]
[WhiteTeam "Å K Å tefanov B"]
[BlackTeam "CVÄŒ Senica D"]

1. e4 c5 2. d3 Nc6 3. Nf3 g6 4. Be2 Bg7 5. Be3 Bxb2 6. Nc3 Bxc3+ 7. Bd2 Bxa1 8.
Qxa1 f6 9. O-O e5 10. Rb1 Nd4 11. Nxd4 exd4 12. Bf3 Rb8 13. h3 Ne7 14. Bf4 d6
15. Bd2 Nc6 16. Qb2 Ne5 17. Be2 b6 18. Ba5 Rb7 19. Bd2 Be6 20. Qb5+ Qd7 21. Qa6
b5 22. c4 Rb6 23. Qa5 bxc4 24. dxc4 Rxb1+ 25. Kh2 d3 26. Qc3 dxe2 27. Qc2 Rd1
28. Qc3 Bxc4 29. g4 Rxd2 30. Qxd2 Nf3+ 31. Kg3 Nxd2 32. Kf4 g5+ 33. Ke3 e1=Q#
0-1

[Event "SR 5. liga SE-SI 2018/2019"]
[Site "?"]
[Date "2019.01.12"]
[Round "5.1"]
[White "Kaufman, Roman"]
[Black "Ralbovska, Gabriela"]
[Result "1-0"]
[WhiteElo "1000"]
[BlackElo "1000"]
[PlyCount "73"]
[EventDate "2018.??.??"]
[WhiteTeam "CVÄŒ Senica D"]
[BlackTeam "Å K Å tefanov B"]

1. e4 e5 2. Nf3 Nc6 3. Bc4 Nf6 4. Nc3 Bc5 5. O-O d6 6. d3 Bg4 7. h3 Be6 8. Bxe6
O-O 9. Bf5 d5 10. Bg5 Qd6 11. Nb5 Qe7 12. Re1 a6 13. Nc3 Rad8 14. exd5 Nb8 15.
Nxe5 Bd4 16. Ng4 Qd6 17. Qf3 Qc5 18. Qg3 Rc8 19. Na4 Qb5 20. c3 Qxa4 21. cxd4
Rcd8 22. Nxf6+ Kh8 23. Nh5 g6 24. Bf6+ Kg8 25. Bxd8 Rxd8 26. Nf6+ Kg7 27. Qxc7
Rxd5 28. Qxb8 Rxf5 29. Ne8+ Kh6 30. Qxb7 Qa5 31. Nd6 Rg5 32. Nxf7+ Kh5 33. Nxg5
Kxg5 34. Re5+ Kh6 35. Rxa5 g5 36. Rxa6+ Kh5 37. Qxh7# 1-0

[Event "SR 5. liga SE-SI 2018/2019"]
[Site "?"]
[Date "2019.01.12"]
[Round "5.1"]
[White "Rehakova, Natalia"]
[Black "Kaufmanova, Karin"]
[Result "0-1"]
[WhiteElo "1000"]
[BlackElo "1000"]
[PlyCount "50"]
[EventDate "2018.??.??"]
[WhiteTeam "Å K Å tefanov B"]
[BlackTeam "CVÄŒ Senica D"]

1. e4 e5 2. Nf3 Nc6 3. Bc4 Bc5 4. d3 d6 5. Bg5 Nf6 6. Nc3 Bg4 7. Bxf6 Qxf6 8.
Qd2 Bxf3 9. gxf3 Qxf3 10. Bb5 Qxh1+ 11. Ke2 Qxa1 12. Bxc6+ bxc6 13. Qd1 Qxb2
14. Qd2 Qb6 15. f4 exf4 16. Qxf4 O-O 17. e5 dxe5 18. Qxe5 Rfe8 19. d4 Rxe5+ 20.
dxe5 Bd4 21. Kd2 Bxc3+ 22. Kxc3 Rd8 23. h4 Qd4+ 24. Kb3 Rb8+ 25. Ka3 Qb4# 0-1

[Event "SR 5. liga SE-SI 2018/2019"]
[Site "?"]
[Date "2019.01.12"]
[Round "5.2"]
[White "Brunovsky, Peter"]
[Black "Jakubec, Milan"]
[Result "1/2-1/2"]
[WhiteElo "1863"]
[BlackElo "2007"]
[PlyCount "54"]
[EventDate "2018.??.??"]
[WhiteTeam "Å K Nafta Gbely "]

{D""] [BlackTeam "Å O Spartak Myjava"]} 1. c4 e6 2. g3 d5 3. Bg2 Nf6 4. Nf3 Be7
5. O-O O-O 6. b3 c5 7. Bb2 dxc4 8. bxc4 Qb6 9. Qb3 Nc6 10. d3 Qc7 11. Nbd2 e5
12. e3 Rb8 13. Qc3 Bd6 14. Ng5 h6 15. Nge4 Be7 16. Nxf6+ Bxf6 17. Ne4 Be7 18.
Qb3 Be6 19. Nc3 a6 20. Nd5 Bxd5 21. cxd5 Nd8 22. Qc3 f6 23. Rac1 b5 24. d4 exd4
25. Qxd4 c4 26. Qg4 Bd6 27. Be4 g5 1/2-1/2

[Event "SR 5. liga SE-SI 2018/2019"]
[Site "?"]
[Date "2019.01.12"]
[Round "5.2"]
[White "Otepka, Vladimir"]
[Black "Ralbovsky, Milan"]
[Result "1-0"]
[WhiteElo "1725"]
[BlackElo "1362"]
[PlyCount "122"]
[EventDate "2018.??.??"]
[WhiteTeam "Å O Spartak Myjava"]
[BlackTeam "Å K Nafta Gbely D"]

1. d4 d6 2. e4 e6 3. Nf3 Nc6 4. Bb5 Bd7 5. O-O Be7 6. Re1 g5 7. d5 Ne5 8. Bxd7+
Nxd7 9. dxe6 fxe6 10. Nd4 Nc5 11. b4 e5 12. Nf5 Ne6 13. Qh5+ Kd7 14. c4 Qf8 15.
Nc3 Nf6 16. Qe2 Re8 17. Nd5 Nxd5 18. cxd5 Nd4 19. Nxd4 exd4 20. Bxg5 Bxg5 21.
Qg4+ Kd8 22. Qxg5+ Kc8 23. Rad1 Rg8 24. Qd2 Qg7 25. g3 Qg4 26. Qe2 Qh3 27. Qf3
Rg4 28. Rxd4 Rgg8 29. Rc1 h5 30. Qc3 Re7 31. Rc4 Rgg7 32. Qf6 Qd7 33. Rxc7+
Qxc7 34. Qf8+ Kd7 35. Qf5+ Kd8 36. Rxc7 Kxc7 37. f3 h4 38. Qh3 hxg3 39. hxg3
Rgf7 40. Qf1 Rh7 41. a4 Re5 42. Qc4+ Kb8 43. f4 Reh5 44. Qb5 Rh8 45. Qd3 Rh3
46. Kg2 R3h7 47. Kf3 Rc7 48. Qd4 Rhc8 49. Qf6 Rc3+ 50. Kg4 Rg8+ 51. Kf5 Rcxg3
52. Qxd6+ Ka8 53. e5 Rh3 54. e6 Rh6 55. Qe7 Rh5+ 56. Ke4 Rc8 57. f5 Rhh8 58.
Ke5 Rhe8 59. Qd7 Red8 60. Qxd8 Rxd8 61. e7 Rh8 1-0

[Event "SR 5. liga SE-SI 2018/2019"]
[Site "?"]
[Date "2019.01.12"]
[Round "5.2"]
[White "Hyza, Richard"]
[Black "Knapek, Adrian"]
[Result "0-1"]
[WhiteElo "1271"]
[BlackElo "1437"]
[PlyCount "93"]
[EventDate "2018.??.??"]
[WhiteTeam "Å K Nafta Gbely D"]
[BlackTeam "Å O Spartak Myjava"]

1. e4 e5 2. Nf3 Nc6 3. Bc4 h6 4. Nc3 Nf6 5. h3 Be7 6. d3 d6 7. Be3 Na5 8. Bb3
Nxb3 9. axb3 a6 10. Qd2 Be6 11. O-O O-O 12. Ne2 Nh7 13. c4 f5 14. exf5 Bxf5 15.
Nh2 Qe8 16. Ng3 Bd7 17. Qe2 Qg6 18. Nf3 Qf7 19. Kh2 b5 20. Ng1 bxc4 21. bxc4
Be6 22. b3 d5 23. Rab1 d4 24. Bd2 Bd6 25. Ne4 Nf6 26. Nxd6 cxd6 27. Bb4 Qd7 28.
Kh1 Qc6 29. Kh2 Bf7 30. f3 Rfe8 31. Rfe1 Nh5 32. Bd2 Nf4 33. Bxf4 exf4 34. Qf2
Re3 35. Rxe3 fxe3 36. Qh4 Qc5 37. b4 Qe5+ 38. f4 Qf5 39. Rd1 Bh5 40. Nf3 Bxf3
41. gxf3 e2 42. Rd2 Re8 43. Qe1 Qxf4+ 44. Kg2 Re3 45. Kg1 Qxf3 46. h4 Qg4+ 47.
Kf2 0-1

[Event "SR 5. liga SE-SI 2018/2019"]
[Site "?"]
[Date "2019.01.12"]
[Round "5.2"]
[White "Durec, Martin"]
[Black "Ralbovsky, Dominik"]
[Result "1/2-1/2"]
[WhiteElo "1168"]
[BlackElo "1121"]
[PlyCount "120"]
[EventDate "2018.??.??"]
[WhiteTeam "Å O Spartak Myjava"]
[BlackTeam "Å K Nafta Gbely D"]

1. e4 c5 2. Nf3 d6 3. d4 Nf6 4. Nc3 b6 5. h3 g6 6. Bc4 cxd4 7. Nxd4 Bb7 8. Bb5+
Nbd7 9. Qe2 e5 10. Nc6 Bxc6 11. Bxc6 Rc8 12. Ba4 Bg7 13. Bg5 O-O 14. O-O-O Nc5
15. Bb5 h6 16. Bh4 g5 17. Bg3 Qc7 18. Nd5 Nxd5 19. Rxd5 Ne6 20. Ba4 Rfd8 21.
Rhd1 Qc4 22. Qxc4 Rxc4 23. Bb3 Rd4 24. c3 Rxe4 25. Rxd6 Rxd6 26. Rxd6 Nc5 27.
Bd5 Re2 28. Bc4 Re4 29. Bd5 Re2 30. Bf3 Re1+ 31. Kc2 f5 32. Bd5+ Kf8 33. f3
Re2+ 34. Kd1 Rxb2 35. Rd8+ Ke7 36. Ra8 Rxg2 37. Be1 Kd6 38. Rd8+ Nd7 39. Bb3
Ke7 40. Ra8 a5 41. Ra7 b5 42. Rxa5 e4 43. fxe4 fxe4 44. Rxb5 Kf6 45. Bd5 Rh2
46. Bxe4 Rxa2 47. c4 Bf8 48. Bc3+ Ke6 49. Bd5+ Kd6 50. Bb4+ Kc7 51. c5 Rh2 52.
Ba5+ Kc8 53. Be6 Bxc5 54. Rxc5+ Kb7 55. Bxd7 h5 56. Rb5+ Ka6 57. Bd8 Ra2 58.
Rxg5 Ra1+ 59. Kc2 h4 60. Ra5+ Rxa5 1/2-1/2

[Event "SR 5. liga SE-SI 2018/2019"]
[Site "?"]
[Date "2019.01.12"]
[Round "5.2"]
[White "Lanza, Matej"]
[Black "Belak, Michal"]
[Result "0-1"]
[WhiteElo "1215"]
[BlackElo "1000"]
[PlyCount "94"]
[EventDate "2018.??.??"]
[WhiteTeam "Å K Nafta Gbely D"]
[BlackTeam "Å O Spartak Myjava"]

1. d4 e6 2. Nf3 Nf6 3. h3 g6 4. Nc3 Bg7 5. Bf4 O-O 6. e3 Nc6 7. a3 b6 8. Nb5 d6
9. Bh2 Bb7 10. Bd3 a6 11. Nc3 Re8 12. O-O Nh5 13. Qe2 e5 14. Qd2 exd4 15. exd4
Nxd4 16. Nxd4 Bxd4 17. Bxg6 hxg6 18. Qxd4 Qg5 19. g4 Ng7 20. Bf4 Qh4 21. Kh2
Ne6 22. Bg3 Qxg3+ 23. Kxg3 Nxd4 24. Rae1 Nxc2 25. Rxe8+ Rxe8 26. Na2 Re1 27.
Rxe1 Nxe1 28. Nb4 Nf3 29. h4 c5 30. Nd3 Ne5 31. Nf4 d5 32. g5 c4 33. h5 d4 34.
Kh4 gxh5 35. Kxh5 d3 36. g6 Nxg6 37. Nxg6 fxg6+ 38. Kxg6 d2 39. f4 d1=Q 40. f5
Qg4+ 41. Kf6 Be4 42. Ke5 Qxf5+ 43. Kd4 Qd5+ 44. Kc3 a5 45. b4 Qd3+ 46. Kb2 Qc2+
47. Ka1 Qb1# 0-1

[Event "SR 5. liga SE-SI 2018/2019"]
[Site "?"]
[Date "2019.01.12"]
[Round "5.3"]
[White "Holiencin, Filip"]
[Black "Diviak, Rastislav"]
[Result "0-1"]
[WhiteElo "1701"]
[BlackElo "1984"]
[PlyCount "68"]
[EventDate "2018.??.??"]
[WhiteTeam "Å achovÃ½ klub HolÃ­Ä� C"]
[BlackTeam "CVÄŒ Senica C"]

1. d4 d5 2. c4 e6 3. Nc3 c6 4. e3 Nf6 5. Nf3 Nbd7 6. Bd3 dxc4 7. Bxc4 b5 8. Bd3
a6 9. O-O Bb7 10. b3 c5 11. Bb2 Be7 12. Qe2 O-O 13. Rfd1 Qb6 14. Ne5 Nxe5 15.
dxe5 Qc6 16. f4 Nd5 17. Nxd5 exd5 18. Qh5 g6 19. Qg4 c4 20. Bd4 cxd3 21. Rac1
Bc8 22. Qf3 Qe6 23. Rxd3 Qg4 24. Qxd5 Be6 25. Qb7 Rac8 26. Rf1 Qe2 27. Qxe7 Rc2
28. Qg5 Qxd3 29. f5 Bd5 30. fxg6 Rxg2+ 31. Qxg2 Bxg2 32. gxh7+ Kxh7 33. Kxg2
Rg8+ 34. Kf2 Qd2+ 0-1

[Event "SR 5. liga SE-SI 2018/2019"]
[Site "?"]
[Date "2019.01.12"]
[Round "5.3"]
[White "Nater, Nikolas"]
[Black "Benak, Peter"]
[Result "0-1"]
[WhiteElo "1293"]
[BlackElo "1655"]
[PlyCount "54"]
[EventDate "2018.??.??"]
[WhiteTeam "CVÄŒ Senica C"]
[BlackTeam "Å achovÃ½ klub HolÃ­Ä� C"]

1. e4 e5 2. Nf3 Nf6 3. Nc3 Nc6 4. Bc4 Be7 5. d3 O-O 6. Be3 d6 7. h3 a6 8. Qd2
Na5 9. Nd5 Nxc4 10. dxc4 Nxe4 11. Qd3 Bf5 12. Nd2 Ng3 13. Qb3 Nxh1 14. O-O-O
Nxf2 15. Bxf2 b6 16. Qf3 Be6 17. Nxe7+ Qxe7 18. Rh1 Qf6 19. Qxf6 gxf6 20. Be3
f5 21. Bh6 Rfe8 22. Rf1 f6 23. g4 f4 24. Ne4 Kf7 25. Rg1 Bxc4 26. g5 fxg5 27.
Nxg5+ Kg6 0-1

[Event "SR 5. liga SE-SI 2018/2019"]
[Site "?"]
[Date "2019.01.12"]
[Round "5.3"]
[White "Svrcek, Daniel"]
[Black "Valent, Tomas"]
[Result "1/2-1/2"]
[WhiteElo "1321"]
[BlackElo "1226"]
[PlyCount "86"]
[EventDate "2018.??.??"]
[WhiteTeam "Å achovÃ½ klub HolÃ­Ä� C"]
[BlackTeam "CVÄŒ Senica C"]

1. e4 e5 2. Nf3 Nc6 3. Bb5 Nd4 4. Nxd4 exd4 5. d3 c6 6. Bc4 d5 7. exd5 cxd5 8.
Bb5+ Bd7 9. Bxd7+ Qxd7 10. O-O Be7 11. Re1 Nf6 12. Nd2 O-O 13. Nf3 Rac8 14. Bf4
Rfe8 15. Rc1 Bc5 16. Rxe8+ Rxe8 17. Qd2 Qb5 18. c4 dxc3 19. Qxc3 Bb4 20. Qb3
Qb6 21. h3 h6 22. a3 Re2 23. Rf1 Bc5 24. Qxb6 Bxb6 25. Be5 Nd7 26. Bc3 Nc5 27.
Nd4 Re8 28. Rd1 Ne6 29. Nxe6 Rxe6 30. d4 Kh7 31. Kf1 g5 32. Rd3 Kg6 33. Re3 h5
34. g3 Bc7 35. Kg2 Rxe3 36. fxe3 f5 37. Bd2 h4 38. Be1 hxg3 39. Bxg3 f4 40. Bf2
Kf5 41. Kf3 Ba5 42. b4 Bc7 43. Bg1 b5 1/2-1/2

[Event "SR 5. liga SE-SI 2018/2019"]
[Site "?"]
[Date "2019.01.12"]
[Round "5.3"]
[White "Otepka, Peter"]
[Black "Horak, Viliam"]
[Result "0-1"]
[WhiteElo "1050"]
[BlackElo "1200"]
[PlyCount "48"]
[EventDate "2018.??.??"]
[WhiteTeam "CVÄŒ Senica C"]
[BlackTeam "Å achovÃ½ klub HolÃ­Ä� C"]

1. e4 e5 2. Nf3 Nc6 3. Bb5 a6 4. Bxc6 dxc6 5. d3 Bg4 6. Bg5 Be7 7. Bxe7 Nxe7 8.
O-O O-O 9. Nc3 f5 10. exf5 Nxf5 11. Qd2 Bxf3 12. gxf3 Nd4 13. Qd1 Nxf3+ 14. Kh1
Qh4 15. Qxf3 Rxf3 16. Rg1 Rxf2 17. Rg2 Rxg2 18. Kxg2 Rf8 19. Ne4 Qg4+ 20. Ng3
h5 21. h3 Qf3+ 22. Kh2 Qf2+ 23. Kh1 Qxg3 24. Rg1 Qxh3# 0-1

[Event "SR 5. liga SE-SI 2018/2019"]
[Site "?"]
[Date "2019.01.12"]
[Round "5.4"]
[White "Nemeckay, Rastislav"]
[Black "Jarabek, Milan"]
[Result "1/2-1/2"]
[WhiteElo "1936"]
[BlackElo "1771"]
[PlyCount "26"]
[EventDate "2018.??.??"]
[WhiteTeam "Interchess ZÅ  BorskÃ½ MikulÃ¡Å¡"]
[BlackTeam "Å K Skalica D"]

1. e4 c5 2. b3 Nc6 3. Nf3 Nf6 4. e5 Nd5 5. Bb2 e6 6. g3 Be7 7. Bg2 d6 8. O-O
O-O 9. c4 Ndb4 10. d4 cxd4 11. a3 Na6 12. exd6 Qxd6 13. Nxd4 Rd8 1/2-1/2

[Event "SR 5. liga SE-SI 2018/2019"]
[Site "?"]
[Date "2019.01.12"]
[Round "5.4"]
[White "Drabek, Martin"]
[Black "Visvader, Kristof"]
[Result "1/2-1/2"]
[WhiteElo "1450"]
[BlackElo "1367"]
[PlyCount "54"]
[EventDate "2018.??.??"]
[WhiteTeam "Å K Skalica D"]
[BlackTeam "Interchess ZÅ  BorskÃ½ MikulÃ¡Å¡"]

1. e4 e5 2. Nf3 Nc6 3. Bc4 Be7 4. Nc3 Nf6 5. d3 O-O 6. Bg5 d6 7. h3 Be6 8. Bxe6
fxe6 9. a3 Nd4 10. Nxd4 exd4 11. Ne2 e5 12. c3 dxc3 13. Nxc3 Kh8 14. Qc2 Ng8
15. Bxe7 Nxe7 16. O-O Nc6 17. Qd2 Nd4 18. Qd1 Rf6 19. Rc1 Rg6 20. Nd5 c6 21.
Ne3 Qd7 22. Kh1 Rh6 23. Qg4 Qxg4 24. Nxg4 Rg6 25. Rce1 h5 26. Ne3 Rf6 27. f3
Kh7 1/2-1/2

[Event "SR 5. liga SE-SI 2018/2019"]
[Site "?"]
[Date "2019.01.12"]
[Round "5.4"]
[White "Buraj, Patrik"]
[Black "Londinova, Jasmina Marie"]
[Result "1-0"]
[WhiteElo "1121"]
[BlackElo "1226"]
[PlyCount "119"]
[EventDate "2018.??.??"]
[WhiteTeam "Interchess ZÅ  BorskÃ½ MikulÃ¡Å¡"]
[BlackTeam "Å K Skalica D"]

1. e4 e5 2. Nf3 Nc6 3. Bb5 Bc5 4. Nc3 d6 5. d4 exd4 6. Nxd4 Bd7 7. Be3 Nxd4 8.
Bxd4 Bxd4 9. Qxd4 f6 10. O-O-O Ne7 11. f4 Bxb5 12. Nxb5 a6 13. Nc3 O-O 14. Rhe1
Kh8 15. e5 Nc6 16. Qd5 fxe5 17. fxe5 Qg5+ 18. Rd2 dxe5 19. Qd7 Rad8 20. Ne4
Rxd7 21. Nxg5 Rxd2 22. Kxd2 Kg8 23. Ne6 Rf7 24. Kc1 Re7 25. Nc5 Nd8 26. Rd1 Re8
27. b3 a5 28. a4 b6 29. Na6 c6 30. Nc7 Rf8 31. Rd7 Rf1+ 32. Kb2 Nf7 33. Re7 h6
34. Re8+ Kh7 35. Rf8 Kg6 36. Ne8 Rd1 37. Nc7 e4 38. Re8 Kf5 39. Rf8 Kg6 40. Re8
Kf5 41. Rf8 Rd7 42. Na8 b5 43. axb5 cxb5 44. Nb6 Rb7 45. c4 e3 46. Kc2 bxc4 47.
Nxc4 Re7 48. Nxe3+ Rxe3 49. Rxf7+ Kg6 50. Rf3 Re2+ 51. Kc3 Rxg2 52. Rg3+ Rxg3+
53. hxg3 Kf6 54. Kc4 Ke6 55. Kb5 Kd6 56. Kxa5 Kc7 57. Ka6 Kb8 58. b4 g5 59. g4
Ka8 60. b5 1-0

[Event "SR 5. liga SE-SI 2018/2019"]
[Site "?"]
[Date "2019.01.12"]
[Round "5.4"]
[White "Paksi, Alexander"]
[Black "Durco, Jaroslav"]
[Result "0-1"]
[WhiteElo "1000"]
[BlackElo "1000"]
[PlyCount "34"]
[EventDate "2018.??.??"]
[WhiteTeam "Å K Skalica D"]
[BlackTeam "Interchess ZÅ  BorskÃ½ MikulÃ¡Å¡"]

1. e4 e5 2. Nf3 Nc6 3. Nc3 d6 4. Bc4 h6 5. d3 Bg4 6. h3 Bh5 7. Be3 Nf6 8. O-O
a6 9. a3 Qd7 10. b4 b5 11. Bb3 g5 12. g4 Bxg4 13. hxg4 Qxg4+ 14. Kh1 Qh3+ 15.
Nh2 h5 16. Bxg5 Rg8 17. Bxf6 Qg2# 0-1

[Event "SR 5. liga SE-SI 2018/2019"]
[Site "?"]
[Date "2019.01.12"]
[Round "5.4"]
[White "Kafka, Ludovit"]
[Black "Janota, Frantisek"]
[Result "0-1"]
[WhiteElo "1000"]
[BlackElo "1000"]
[PlyCount "88"]
[EventDate "2018.??.??"]
[WhiteTeam "Interchess ZÅ  BorskÃ½ MikulÃ¡Å¡"]
[BlackTeam "Å K Skalica D"]

1. Nc3 Nc6 2. Nd5 e6 3. Nf4 d5 4. d4 Bd6 5. e3 Nf6 6. Bb5 Bd7 7. Nf3 O-O 8. O-O
Ne7 9. Bxd7 Qxd7 10. Ng5 Ng6 11. g3 Rae8 12. h4 e5 13. Nxg6 fxg6 14. f4 e4 15.
a3 h6 16. Nh3 Qxh3 17. Bd2 Ng4 18. Qe2 g5 19. Qg2 Qxg2+ 20. Kxg2 Be7 21. Bb4
Bxb4 22. axb4 a6 23. hxg5 Nxe3+ 24. Kh2 Nxf1+ 25. Rxf1 hxg5 26. Kg2 gxf4 27.
gxf4 Re6 28. Kg3 Rb6 29. c3 a5 30. bxa5 Rxb2 31. Rf2 Rxf2 32. Kxf2 Rxf4+ 33.
Ke3 Rf6 34. Kd2 Ra6 35. Ke3 Rxa5 36. Kf4 Ra3 37. Ke5 c6 38. c4 dxc4 39. Kxe4 b5
40. d5 cxd5+ 41. Kxd5 c3 42. Kc5 c2 43. Kb4 Ra8 44. Kxb5 c1=R 0-1

[Event "SR 5. liga SE-SI 2018/2019"]
[Site "?"]
[Date "2019.01.26"]
[Round "6.1"]
[White "Diviak, Rudolf"]
[Black "Harasta, Marian"]
[Result "1-0"]
[WhiteElo "1758"]
[BlackElo "1653"]
[PlyCount "71"]
[EventDate "2018.??.??"]
[WhiteTeam "CVÄŒ Senica D"]
[BlackTeam "Å K Skalica D"]

1. e4 c5 2. Bc4 Nc6 3. c3 e5 4. d3 Nf6 5. Nf3 Be7 6. O-O d6 7. Bb3 O-O 8. Re1
b5 9. Nbd2 a5 10. a4 b4 11. Nf1 Bg4 12. Ng3 Qd7 13. h3 Be6 14. Bxe6 fxe6 15.
Qb3 Kh8 16. Ng5 Nd8 17. Be3 h6 18. Nf3 Nc6 19. Qc2 Rab8 20. Qd2 Ng8 21. Nh2 Bh4
22. Nf3 Bf6 23. Rf1 Nce7 24. cxb4 Rxb4 25. Ne2 Rfb8 26. Rfb1 Rxa4 27. Qc3 Rbb4
28. Nd2 Nc6 29. Nc4 Be7 30. Rxa4 Rxa4 31. Nb6 Nd4 32. Bxd4 exd4 33. Qc2 Qb5 34.
Nxa4 Nf6 35. f3 d5 36. Nf4 1-0

[Event "SR 5. liga SE-SI 2018/2019"]
[Site "?"]
[Date "2019.01.26"]
[Round "6.1"]
[White "Drabek, Martin"]
[Black "Drozd, Jan"]
[Result "1/2-1/2"]
[WhiteElo "1450"]
[BlackElo "1525"]
[PlyCount "81"]
[EventDate "2018.??.??"]
[WhiteTeam "Å K Skalica D"]
[BlackTeam "CVÄŒ Senica D"]

1. e4 e5 2. Nf3 Nc6 3. Bc4 Bc5 4. d3 Nf6 5. Nc3 d6 6. h3 h6 7. a3 a5 8. O-O O-O
9. Re1 Re8 10. Be3 Bxe3 11. fxe3 Be6 12. Nd5 Bxd5 13. Bxd5 Nxd5 14. exd5 Ne7
15. c4 f5 16. e4 Rf8 17. d4 exd4 18. Nxd4 Qd7 19. Ne6 Rf7 20. Qd3 fxe4 21. Rxe4
Ng6 22. Rf1 Ne5 23. Qe2 Re8 24. Ref4 Rxf4 25. Rxf4 Rxe6 26. dxe6 Qxe6 27. Qe4
b6 28. b3 Qg6 29. Qxg6 Nxg6 30. Re4 Ne5 31. Kf1 Kf7 32. Ke2 g6 33. Rf4+ Ke7 34.
Rh4 h5 35. Rf4 c6 36. Ke3 b5 37. cxb5 cxb5 38. Kd4 Ke6 39. Rf8 Nc6+ 40. Kd3 Kd5
41. Rf1 1/2-1/2

[Event "SR 5. liga SE-SI 2018/2019"]
[Site "?"]
[Date "2019.01.26"]
[Round "6.1"]
[White "Bochnickova, Simona"]
[Black "Krakovsky, Jakub"]
[Result "0-1"]
[WhiteElo "1471"]
[BlackElo "1231"]
[PlyCount "62"]
[EventDate "2018.??.??"]
[WhiteTeam "CVÄŒ Senica D"]
[BlackTeam "Å K Skalica D"]

1. e4 e5 2. Nf3 Nc6 3. Nc3 Nf6 4. Bb5 d6 5. d4 Bd7 6. d5 Ne7 7. Bxd7+ Qxd7 8.
O-O Ng6 9. h3 Be7 10. Be3 O-O 11. a4 a6 12. a5 Nh5 13. Nxe5 dxe5 14. Qxh5 f5
15. exf5 Rxf5 16. Qg4 Raf8 17. Qa4 Qc8 18. Qc4 Kh8 19. Ne4 Nf4 20. Rfd1 Rh5 21.
Bxf4 exf4 22. d6 cxd6 23. Nxd6 Qxc4 24. Nxc4 f3 25. Rd7 Bc5 26. Rxb7 fxg2 27.
Kxg2 Rxf2+ 28. Kg3 Rg5+ 29. Kh4 h6 30. Rb8+ Kh7 31. Ne3 Rf4+ 0-1

[Event "SR 5. liga SE-SI 2018/2019"]
[Site "?"]
[Date "2019.01.26"]
[Round "6.1"]
[White "Paksi, Alexander"]
[Black "Kaufman, Robert"]
[Result "1-0"]
[WhiteElo "1000"]
[BlackElo "1373"]
[PlyCount "59"]
[EventDate "2018.??.??"]
[WhiteTeam "Å K Skalica D"]
[BlackTeam "CVÄŒ Senica D"]

1. e4 e5 2. Nf3 Nc6 3. Bb5 a6 4. Ba4 Nf6 5. Nc3 b5 6. Bb3 Bc5 7. O-O d6 8. d3
Na5 9. Bg5 Nxb3 10. cxb3 c6 11. d4 exd4 12. Nxd4 Qb6 13. Nf5 Bxf5 14. exf5 Nd7
15. Qe2+ Ne5 16. Ne4 O-O 17. Qh5 f6 18. Bf4 Rfe8 19. Nxc5 Qxc5 20. Rac1 Qd4 21.
Bxe5 dxe5 22. Rc3 Red8 23. g3 Qd2 24. Rxc6 Qxb2 25. Rc7 Rf8 26. Rd1 Rac8 27.
Rxg7+ Kxg7 28. Rd7+ Rf7 29. Qxf7+ Kh6 30. Qxh7+ 1-0

[Event "SR 5. liga SE-SI 2018/2019"]
[Site "?"]
[Date "2019.01.26"]
[Round "6.1"]
[White "Bazovsky, Max"]
[Black "Janota, Frantisek"]
[Result "0-1"]
[WhiteElo "1290"]
[BlackElo "1000"]
[PlyCount "148"]
[EventDate "2018.??.??"]
[WhiteTeam "CVÄŒ Senica D"]
[BlackTeam "Å K Skalica D"]

1. d4 d5 2. e3 Nf6 3. Bd3 Nc6 4. c3 e6 5. Nd2 Bd6 6. f4 O-O 7. Ngf3 Re8 8. Ne5
Bd7 9. O-O h6 10. Rf3 Bxe5 11. fxe5 Nh7 12. Rg3 Qh4 13. Rg4 Qd8 14. Nf3 Ne7 15.
Nh4 Nf5 16. Nxf5 exf5 17. Rf4 Qg5 18. Qf3 c6 19. Bxf5 Bxf5 20. Rxf5 Qg6 21. h4
f6 22. Qh5 Qxh5 23. Rxh5 fxe5 24. Rf5 exd4 25. exd4 Re4 26. Re5 Rxh4 27. Re7
Rb8 28. g3 Re4 29. Rd7 Nf8 30. Rc7 Ne6 31. Rd7 Kf8 32. Bf4 Nxf4 33. gxf4 Rxf4
34. Kg2 Rf7 35. Rd6 Kg8 36. Re1 Rbf8 37. Re2 Rf1 38. Rd7 R1f7 39. Rd6 Rf6 40.
Rd7 R6f7 41. Rd6 Rc8 42. b4 b6 43. a4 Rf5 44. a5 bxa5 45. bxa5 c5 46. Re5 Rxe5
47. dxe5 Kf7 48. Rxd5 Ke6 49. c4 a6 50. Kf3 Kf5 51. Rd6 Kxe5 52. Rxa6 Kd4 53.
Ra7 Rc6 54. Rxg7 Ra6 55. Rg4+ Kc3 56. Rh4 Rxa5 57. Rxh6 Kxc4 58. Rh4+ Kd3 59.
Re4 Ra2 60. Re3+ Kd4 61. Re4+ Kc3 62. Re3+ Kb4 63. Re4+ c4 64. Ke3 Kc3 65. Re6
Rd2 66. Rc6 Rd7 67. Re6 Kc2 68. Rc6 c3 69. Rc5 Kb2 70. Rb5+ Kc1 71. Rc5 c2 72.
Ra5 Kb2 73. Rb5+ Kc1 74. Ra5 Kd1 0-1

[Event "SR 5. liga SE-SI 2018/2019"]
[Site "?"]
[Date "2019.01.26"]
[Round "6.2"]
[White "Diviak, Rastislav"]
[Black "Nemeckay, Rastislav"]
[Result "1/2-1/2"]
[WhiteElo "1984"]
[BlackElo "1936"]
[PlyCount "22"]
[EventDate "2018.??.??"]
[WhiteTeam "CVÄŒ Senica C"]
[BlackTeam "Interchess ZÅ  BorskÃ½ MikulÃ¡Å¡"]

1. e4 e5 2. Nf3 Nc6 3. Bb5 a6 4. Ba4 Nf6 5. O-O b5 6. Bb3 Be7 7. Re1 d6 8. c3
O-O 9. h3 Na5 10. Bc2 c5 11. d4 Qc7 1/2-1/2

[Event "SR 5. liga SE-SI 2018/2019"]
[Site "?"]
[Date "2019.01.26"]
[Round "6.2"]
[White "Valent, Tomas"]
[Black "Visvader, Rudolf"]
[Result "1-0"]
[WhiteElo "1226"]
[BlackElo "1305"]
[PlyCount "61"]
[EventDate "2018.??.??"]
[WhiteTeam "CVÄŒ Senica C"]
[BlackTeam "Interchess ZÅ  BorskÃ½ MikulÃ¡Å¡"]

1. e4 c5 2. Nf3 Nc6 3. d4 cxd4 4. Nxd4 g6 5. Be3 Bg7 6. Bc4 e6 7. Nc3 Nge7 8.
Qd2 Ne5 9. Be2 a6 10. O-O-O Rb8 11. f4 N5c6 12. g4 d5 13. Rhf1 Bh6 14. f5 Bxe3
15. Qxe3 O-O 16. f6 Nxd4 17. Rxd4 Nc6 18. Rdd1 Kh8 19. e5 d4 20. Qg3 Qa5 21.
Nb1 Qxa2 22. h4 b5 23. g5 Qd5 24. h5 Nxe5 25. hxg6 fxg6 26. Rh1 Rb7 27. Rh4 d3
28. Bxd3 Nxd3+ 29. Rxd3 Qc6 30. Nc3 Rff7 31. Rd8+ 1-0

[Event "SR 5. liga SE-SI 2018/2019"]
[Site "?"]
[Date "2019.01.26"]
[Round "6.2"]
[White "Buraj, Patrik"]
[Black "Oslej, Marek"]
[Result "0-1"]
[WhiteElo "1121"]
[BlackElo "1253"]
[PlyCount "126"]
[EventDate "2018.??.??"]
[WhiteTeam "Interchess ZÅ  BorskÃ½ MikulÃ¡Å¡"]
[BlackTeam "CVÄŒ Senica C"]

1. e4 e5 2. Nf3 Nc6 3. Bb5 a6 4. Ba4 d6 5. c3 Bd7 6. d4 b5 7. Bb3 Nf6 8. Nbd2
Bg4 9. h3 Bh5 10. g4 Bg6 11. Qe2 Be7 12. g5 Nd7 13. Bd5 Ndb8 14. b4 Ra7 15. h4
Bh5 16. Qe3 O-O 17. Bxc6 Nxc6 18. d5 Ra8 19. dxc6 f6 20. a4 Rb8 21. axb5 axb5
22. Ra7 Rb6 23. Rb7 fxg5 24. hxg5 Bg4 25. Rh4 Rf4 26. Nh2 Qc8 27. Ndf3 Rxc6 28.
Rxb5 Rc4 29. Nd2 Rc6 30. f3 Bxg5 31. Qd3 Bxh4+ 32. Ke2 Be6 33. c4 Qa6 34. Rb8+
Kf7 35. b5 Qa7 36. Qe3 Qxe3+ 37. Kxe3 Rb6 38. Ra8 h5 39. Ra7 Bd8 40. Ra8 Ke8
41. Kd3 Kd7 42. Ra6 Rxa6 43. bxa6 Kc8 44. Nb3 Bd7 45. a7 Kb7 46. Be3 Rh4 47.
Na5+ Ka8 48. Nf1 c5 49. Bf2 Rh1 50. Ng3 Rb1 51. Nxh5 Bxa5 52. Nxg7 Kxa7 53. Ke2
Rh1 54. Nf5 Bxf5 55. exf5 Rh2 56. Kd3 Rxf2 57. Ke3 Rh2 58. f6 Rh7 59. Ke4 Rf7
60. Kd5 Bd8 61. Kxd6 Rxf6+ 62. Kxe5 Rxf3 63. Kd5 Kb6 0-1